<?xml version="1.0" encoding="UTF-8"?>
<marc:record xmlns:marc="http://www.loc.gov/MARC21/slim">
   <marc:leader>00000nam a2200000 a 4500</marc:leader>
   <marc:datafield ind1="1" ind2=" " tag="100">
      <marc:subfield code="a">Stövhase-Klaunig, Dorit</marc:subfield>
      <marc:subfield code="4">aut</marc:subfield>
      <marc:subfield code="e">Verfasser/-in</marc:subfield>
   </marc:datafield>
   <marc:datafield ind1=" " ind2=" " tag="653">
      <marc:subfield code="a">Schlangen</marc:subfield>
   </marc:datafield>
   <marc:datafield ind1=" " ind2=" " tag="653">
      <marc:subfield code="a">Weiblichkeit</marc:subfield>
   </marc:datafield>
   <marc:datafield ind1=" " ind2=" " tag="653">
      <marc:subfield code="a">Heilung</marc:subfield>
   </marc:datafield>
   <marc:datafield ind1=" " ind2=" " tag="653">
      <marc:subfield code="a">Esoterik</marc:subfield>
   </marc:datafield>
   <marc:datafield ind1=" " ind2=" " tag="653">
      <marc:subfield code="a">Softcover / Sachbücher/Psychologie</marc:subfield>
   </marc:datafield>
   <marc:datafield ind1=" " ind2=" " tag="653">
      <marc:subfield code="a">Spiritualität</marc:subfield>
   </marc:datafield>
   <marc:datafield ind1=" " ind2=" " tag="653">
      <marc:subfield code="a">Anthroposophie</marc:subfield>
   </marc:datafield>
   <marc:datafield ind1=" " ind2=" " tag="653">
      <marc:subfield code="a">Befreiung</marc:subfield>
   </marc:datafield>
   <marc:datafield ind1=" " ind2=" " tag="653">
      <marc:subfield code="a">Befreiungsweg</marc:subfield>
   </marc:datafield>
   <marc:datafield ind1=" " ind2=" " tag="653">
      <marc:subfield code="a">Verdrängung</marc:subfield>
   </marc:datafield>
   <marc:datafield ind1=" " ind2=" " tag="653">
      <marc:subfield code="a">Selbstwerdung</marc:subfield>
   </marc:datafield>
   <marc:datafield ind1=" " ind2=" " tag="653">
      <marc:subfield code="a">Energie</marc:subfield>
   </marc:datafield>
   <marc:datafield ind1=" " ind2=" " tag="653">
      <marc:subfield code="a">Frauen</marc:subfield>
   </marc:datafield>
   <marc:datafield ind1=" " ind2=" " tag="653">
      <marc:subfield code="a">Frau</marc:subfield>
   </marc:datafield>
   <marc:datafield ind1="0" ind2="0" tag="245">
      <marc:subfield code="a">Gelebte Weiblichkeit</marc:subfield>
   </marc:datafield>
   <marc:datafield ind1="0" ind2="0" tag="245">
      <marc:subfield code="b">Befreiung der Schlangenkraft</marc:subfield>
   </marc:datafield>
   <marc:datafield ind1="0" ind2="0" tag="245">
      <marc:subfield code="c">Dorit Stövhase-Klaunig</marc:subfield>
   </marc:datafield>
   <marc:datafield ind1=" " ind2="1" tag="264">
      <marc:subfield code="a">Saarbrücken</marc:subfield>
      <marc:subfield code="b">Neue Erde</marc:subfield>
      <marc:subfield code="c">2015</marc:subfield>
   </marc:datafield>
   <marc:datafield ind1=" " ind2=" " tag="250">
      <marc:subfield code="a">1. Auflage</marc:subfield>
   </marc:datafield>
   <marc:datafield ind1="1" ind2=" " tag="520">
      <marc:subfield code="a">Angaben aus der Verlagsmeldung

Gelebte Weiblichkeit : Befreiung der Schlangenkraft / von Dorit Stövhase-Klaunig

Verschüttetes freilegen – Abgeschnittenes wieder mit uns verbinden

Ihre eigene Tiefe eröffnet sich jeder Frau zum richtigen Zeitpunkt und in der angemessenen Geschwindigkeit, sofern die Suchende bereit ist, selbstverantwortlich ihren Weg zu gehen. Dorit Stövhase-Klaunig möchte dabei unterstützen und ihr Wissen über traditionelle und klassische Heilungsphilosophien mit einfließen lassen, aber auch den selbstgegangenen Weg der Verfeinerung der Empfindung und Wahrnehmung, der Hingabe und Öffnung reflektieren und beleuchten, die leichten und die schweren Zeiten ihres persönlichen Auf- und Umbruchs ansprechen und damit Mut machen, die eigenen Potentiale und Chancen in der Tiefe zu erkennen und zu leben.
Dieser Befreiungsweg beginnt damit, auf körperlicher, emotionaler, mentaler und spiritueller Ebene in bewusster Absicht aufzuräumen, zu reinigen, loszulassen, sich anzuvertrauen und auszuatmen, die Energien auszusortieren und neu zu ordnen. Diese Arbeit erfordert viel Kraft und Entschlossenheit sowie eine bewusste Absicht und wird geführt von einer Sehnsucht und dem inneren Verlangen, nach Hause zu kommen und sich selbst ganz nah zu sein. Und sie wird belohnt, indem wir unserer eigenen Natürlichkeit und Lebendigkeit begegnen und unsere eigene Energie, unsere Kraft und unser Potential erfahren.
</marc:subfield>
   </marc:datafield>
   <marc:datafield ind1=" " ind2=" " tag="020">
      <marc:subfield code="a">9783890606606</marc:subfield>
      <marc:subfield code="9">9783890606606</marc:subfield>
   </marc:datafield>
   <marc:datafield ind1=" " ind2=" " tag="041">
      <marc:subfield code="a">ger</marc:subfield>
   </marc:datafield>
   <marc:datafield ind1=" " ind2=" " tag="300">
      <marc:subfield code="a">154 Seiten</marc:subfield>
   </marc:datafield>
</marc:record>
